000 00702nam a2200169 i 4500
001 102058
003 ES-MaACL
005 20230906183034.0
007 t|
008 051103s1928 sp ||||1| spa d
110 2 _aUniversidad Literaria de Salamanca.
_97390
245 1 0 _aMemoria sobre el estado de la instrucción en esta Universidad y Establecimientos de enseñanza de su distrito correspondiente a 1926-1927
_b: anuario para el de 1927 a 1928. Variedades /
_cUniversidad Literaria de Salamanca.
260 _aSalamanca :
_bFrancisco Núñez Izquierdo,
_c1928.
300 _a114 p. ;
_c21 cm.
610 2 4 _aUniversidad Literaria de Salamanca-
_vMemorias.
_9155720
852 _aES-MaACL
_j1724-F-17
999 _c102058
_d102058